| 000 | 00478nam a2200133 4500 | ||
|---|---|---|---|
| 008 | 0 1988 0a 000 0Mex | ||
| 020 | _a968-18-2339 | ||
| 082 | _a660.284 H844f | ||
| 100 | _aD. Holland Charles | ||
| 245 | _aFundamentos de destilacion de mezclas multicomponente / Charles D. Holland | ||
| 260 | _aMexico : Limusa | ||
| 300 | _a705 p. / 23 cm. | ||
| 650 | _a1. DESTILACION ACOMPAÑADA DE REACCION QUIMICA\ 2. SOLUCION DE SISTEMAS DE COLUMNAS CON INTERCAMBIO | ||
| 999 |
_c18987 _d18987 |
||